header

Text and presentation. (Record no. 96659)

MARC details
000 -LEADER
fixed length control field 01213nam a2200313Ia 4500
245 00 - TITLE STATEMENT
Title Text and presentation.
260 ## - PUBLICATION, DISTRIBUTION, ETC. (IMPRINT)
Place of publication Boston, MA :
Name of publisher McFarland & Company, Inc.,
Year of publication c2010.
300 ## - PHYSICAL DESCRIPTION
Number of Pages ix, 204 p.
490 1# - SERIES STATEMENT
Series statement The comparative drama conference series ;
500 ## - GENERAL NOTE
General note Includes index.
650 #0 - SUBJECT ADDED ENTRY--TOPICAL TERM
Topical Term Drama
Topical Term Literature
700 1# - ADDED ENTRY--PERSONAL NAME
Personal name Gounaridou, Kiki.
856 40 - ELECTRONIC LOCATION AND ACCESS
Uniform Resource Identifier http://site.ebrary.com/lib/rucke/Doc?id=10375830

No items available.

© 2026 Rongo University
Contact us: librarian | system librarian | Rongo university